000 00451nam a2200181Ia 4500
001 11514
005 20260306162833.0
008 260306t1997||||xx |||||||||||||| ||spa||
041 _aESP
082 _a985.0632
_bP26
100 _aParedes Cárdenas, Coronel Máximo
_eAUT
245 0 _aLa guerra santa entre Ecuador y Perú
260 _c1997
300 _a97 páginas :
_c21 cm.
650 _aGEN
654 _aCHU
942 _cLIB
_dJUS
_fJUS
_2ddc
_n
999 _c11514
_d11514